Qarabağ futbolçuları - Armageddon - Statistics

General Stats
  • This quiz has been taken 56 times
    11 since last reset
  • The average score is 5 of 50
Answers on the Grid
Answers color-coded by a green-red scale on the quiz's grid according to % correct below.
Qurban Qurbanov
Riçard Almeyda
Ansi Aqolli
Juninyo
Rafael Utziq
Adrian Pit
Maksim Medvedev
Bədavi Hüseynov
Zaur Tağızadə
Reynaldo
Vinston Parks
Əfran İsmayılov
Soni Mustivar
Kadi Borqes
Oktay Dərəlioğlu
Qara Qarayev
Jaba
Müşfiq Hüseynov
Adrian Skarlatake
Lyuba Baranin
Vitali Vernidub
Abdullah Zubir
Xalidu Sissoko
Yusuf Laval
Miçel
Rəşad Sadıqov
Dmitri Bezotosnı
Mahir Emreli
Dani Kintana
Sabir Buqrin
Muarem Muarem
İbrahim Şehiç
Bruno Bertuççi
Filip Ozobiç
Julio Romao
Kevin Medina
Voyislav Stankoviç
Toral Bayramov
Bəhlul Mustafazadə
Yakuba Bamba
Marko Yankoviç
Nazim Süleymanov
Rəşad Sadiqov
Leroy Corc
Aleksandar Şoliç
Kamran Ağayev
Georgi Adamiya
Çumbinyo
Aslan Kərimov
Branimir Subaşiç
Nikolas Kanales
Yassin Benzia
Ceyhun Sultanov
Davit Volkov
Leandro Andrade
Dino Ndlovu
Mahir Şükürov
Slavço Georgievski
Admir Teli
Marko Veşoviç
Patrik Andrade
Vəli Qasımov
Elnur Allahverdiyev
Aqil Nəbiyev
Rauf Əliyev
Georgi Lomaya
Ramil Şeydayev
Girts Karlsons
Ruslan Abışov
Mateuş Koxalski
Mahmud Qurbanov
Vaqif Cavadov
Yakub Jezniçak
İqor Mitreski
Ruan Renato
Vladimir Levin
Fərhad Vəliyev
Coy Lens Mikels
Elvin Cəfərquliyev
İsgəndər Cavadov
Araz Abdullayev
İlqar Qurbanov
Flavinyo
Kazbek Tuayev
Emin İmaməliyev
Dmitri Kruqlov
Saşa Stamenkoviç
Artim Şakiri
Vurğun Hüseynov
Bronislav Çervenka
Cavid Hüseynov
Elvin Yunuszadə
Eddi İsrafilov
Elvin Məmmədov
Aleksandr Çertoqanov
Vadim Vasilyev
Bahodir Nəsimov
İqor Getman
Maşalla Əhmədov
 
Answer Stats
Answer % Correct
Elvin Cəfərquliyev
43%
Bəhlul Mustafazadə
29%
Julio Romao
29%
Leandro Andrade
29%
Maksim Medvedev
29%
Marko Yankoviç
29%
Reynaldo
29%
Riçard Almeyda
29%
Toral Bayramov
29%
Abdullah Zubir
14%
Ansi Aqolli
14%
Filip Ozobiç
14%
Juninyo
14%
Kevin Medina
14%
Mahir Emreli
14%
Marko Veşoviç
14%
Mateuş Koxalski
14%
Müşfiq Hüseynov
14%
Patrik Andrade
14%
Qara Qarayev
14%
Ramil Şeydayev
14%
Rəşad Sadiqov
14%
Yassin Benzia
14%
Admir Teli
0%
Araz Abdullayev
0%
Artim Şakiri
0%
Aslan Kərimov
0%
Bədavi Hüseynov
0%
Branimir Subaşiç
0%
Çumbinyo
0%
Dani Kintana
0%
Dino Ndlovu
0%
Əfran İsmayılov
0%
Elnur Allahverdiyev
0%
Elvin Məmmədov
0%
Elvin Yunuszadə
0%
Emin İmaməliyev
0%
Fərhad Vəliyev
0%
Georgi Adamiya
0%
İbrahim Şehiç
0%
İlqar Qurbanov
0%
Kadi Borqes
0%
Leroy Corc
0%
Miçel
0%
Muarem Muarem
0%
Rauf Əliyev
0%
Rəşad Sadıqov
0%
Vadim Vasilyev
0%
Vaqif Cavadov
0%
Yakub Jezniçak
0%
No matching quizzes found
Score Distribution
Percent of People with Each Score
Percentile by Number Answered
Your Score History
You have not taken this quiz since the last reset